Vista normal
Vista MARC
Entrada Materia (geográfica)
Número de registros utilizados en: 1
001 - CONTROL NUMBER
- control field: 177481
003 - CONTROL NUMBER IDENTIFIER
- control field: Co-BoUCM
005 - DATE AND TIME OF LATEST TRANSACTION
- control field: 20230518095621.0
008 - FIXED-LENGTH DATA ELEMENTS
- fixed length control field: 230518|| aca||aabn | a|a d
040 ## - CATALOGING SOURCE
- Original cataloging agency: Co-BoUCM
- Transcribing agency: Co-BoUCM
151 ## - HEADING--GEOGRAPHIC NAME
- Geographic name: España
- Form subdivision: Comunidades autónomas
- General subdivision: Política y gobierno
670 ## - SOURCE DATA FOUND
- Source citation: Work cat.: (Co-BoUCM): Ferri Dura, Jaime 177479, Política y gobierno en el estado autonómico , 2013